000 00418nam a2200181Ia 4500
001 16870
005 20260306170343.0
008 260306t1999||||xx |||||||||||||| ||und||
041 _aESP
082 _a657.3
_bA49
100 _aÁlvarez Melcón, Sixto
_eAUT
245 0 _aConsolidación de estados financieros
260 _c1999
300 _a
_c
650 _aGEN
654 _aCCO
942 _cLIB
_dJUS
_fJUS
_2ddc
_n
999 _c16870
_d16870